| 000 | 00462cam a2200181ua 4500 | ||
|---|---|---|---|
| 020 | _c18.00 | ||
| 041 |
_aeng _h |
||
| 082 |
_a621.43 _bADA/EL |
||
| 100 | _aAdams, H T . | ||
| 245 |
_aElements of internal combustion turbine theory / _cH T Adams. _hTextual Documents |
||
| 250 |
_a1 / _b. |
||
| 260 |
_aCambridge : _bCambridge University Press , _c1949. |
||
| 300 | _a178 ; . | ||
| 365 | _a18.00 | ||
| 504 | _a | ||
| 942 | _cBK | ||
| 999 |
_c9147 _d9147 |
||